Fotoğraflarla dünden bugüne Ankara (Record no. 3977)

MARC details
000 -BAŞLIK
Sabit Uzunlukta Kontrol Alanı 00890na a2200265 4500
001 - KONTROL NUMARASI
Denetim Alanı 16596
003 - KONTROL NUMARASI IDENTIFIER
Denetim Alanı MIRAKIL
005 - SON İŞLEM TARİHİ VE ZAMANI
Denetim Alanı 20181213154949.0
008 - SABİT-BOY VERİ ELEMANLARI - GENEL BİLGİLER
Sabit Uzunlukta Kontrol Alanı 161011b tu 000 0
040 ## - KATALOGLAMA KAYNAK
Orijinal Kataloglama Ajansı Milas
Kataloglama Dili tur
Metne Dönüştürmek Ajansı TR-AnCHP
041 ## - DİL KODU
Metin / Ses Parça Veya Ayrı Başlığın Dil Kodu tur
-- eng
082 ## - DEWEY ONLU SINIFLANDIRMA NUMARASI
Sınıflandırma Numarası 956.511
Ürün Numarası F67 2006
090 ## - SINIFLAMA NUMARASI
Sınıflama Numarası 956.511 F67 2006
245 ## - BAŞLIK TABLOSU
Başlık Fotoğraflarla dünden bugüne Ankara
Başlığın Kalan = past and present by Ankara in photographs
Sorumluluk Tablosu, Vb yazım Tarık Deniz ; çeviri Mukaddes İnözü Velipaşaoğlu, Robin Turner
246 ## - UNVAN FORM VARYING
Başlık Doğru / Kısa Başlığı Dünden bugüne Ankara
246 ## - UNVAN FORM VARYING
Başlık Doğru / Kısa Başlığı Past and present by Ankara in photographs
260 ## - YAYIN, DAĞITIM, VB
Yayın, Dağıtım, Vb Yeri Ankara
Yayıncı, Dağıtıcı, Vs Adı Milli Eğitim Bakanlığı
Yayın, Dağıtım, Vb Tarihi 2006
300 ## - FİZİKSEL TANIM
Kapsam 84 s
Diğer Fiziksel Ayrıntıları fotg.
Boyutlar 30 sm.
651 ## - KONU KATMA GİRİŞ - COĞRAFİ ADI
Coğrafi İsim Ankara
Genel Alt Bölümü Tarih
Kronolojik Alt Bölümü Resimli yapıtlar
651 ## - KONU KATMA GİRİŞ - COĞRAFİ ADI
Coğrafi İsim Ankara
Genel Alt Bölümü Fotoğraflar
700 ## - KATMA GİRİŞ - KİŞİSEL İSİM
Kişisel Ad Turner, Robin
700 ## - KATMA GİRİŞ - KİŞİSEL İSİM
Kişisel Ad Velipaşaoğlu, Mukaddes Inözü
700 ## - KATMA GİRİŞ - KİŞİSEL İSİM
Kişisel Ad Deniz, Tarık
942 ## - EKLENDİ GİRİŞ ELEMANLARI (KOHA)
Sınıflandırma Veya Raf Düzeni Kaynak Dewey Decimal Classification
Koha Öğesi Türü Books
999 ## - SİSTEM KONTROL NUMARALARI (KOHA)
Koha Biblionumber 3977
Koha Biblioitemnumber 3977
Holdings
Kalıcı Konum Mevcut Konum Edinme Tarihi Edinim Kaynak Toplam Check-Out'Lar Tam Çağrı Numarası Barkod Tarih Son Görülme İtibaren Geçerli Fiyatlar Koha Öğesi Türü
CHP Kütüphanesi CHP Kütüphanesi 10/08/2016 Bağış   956.511 F67 2006 006579 10/08/2016 10/08/2016 Books